000 00590nam a22001817a 4500
008 160910b xxu||||| |||| 00| 0 eng d
020 _a0-7674-1641-4
082 _22001
_aDC 301.01
_bSch9s
100 _914322
_aSchwalbe, Michael
245 _aSociologically examined life:
_bpieces of the conversation/
_cMichael Schwalbe.
250 _a2nd edition
260 _aCalifornia:
_bMayfield Pub.,
_cc2001.
300 _axvi, 213 pages;
_c22 cm.
500 _aIncludes index.
650 0 _914323
_aSociology
_vMethodology
650 0 _914324
_aSociology
_xPhilosophy
942 _2ddc
_cDC
999 _c4440
_d4440